Le nouveau jardinier illustré / (Record no. 160784)

MARC details
000 -LEADER
campo de control de longitud fija 00652nam a22001695i 4500
001 - NÚMERO DE CONTROL
campo de control 160784
003 - IDENTIFICADOR DE NÚMERO DE CONTROL
campo de control ES-MaACL
005 - FECHA Y HORA DE LA ÚLTIMA TRANSACCIÓN
campo de control 20230906212127.0
008 - DATOS DE LONGITUD FIJA--INFORMACIÓN GENERAL
campo de control de longitud fija 040804s1870 sp |||| | spa d
040 ## - FUENTE DE CATALOGACIÓN
Centro catalogador/agencia de origen CAM
Lengua de catalogación spa
Centro/agencia transcriptor CAM
245 03 - MENCIÓN DEL TÍTULO
Título Le nouveau jardinier illustré /
Mención de responsabilidad, etc. rédigé par MM. F. Herincq ... [et al.]; avec plus de 500 dessins intercalés dans le texte de MM. Courtin, Faguet, Maubert et Riocreux; gravés par M. Bisson.
260 ## - PUBLICACIÓN, DISTRIBUCIÓN, ETC.
Lugar de publicación, distribución, etc. Paris :
Nombre del editor, distribuidor, etc. librairie de E. Donnaud,
Fecha de publicación, distribución, etc. 1870.
300 ## - DESCRIPCIÓN FÍSICA
Extensión VIII, 1792 p. :
Otras características físicas il. ;
Dimensiones 19 cm.
650 04 - PUNTO DE ACCESO ADICIONAL DE MATERIA--TÉRMINO DE MATERIA
Término de materia o nombre geográfico como elemento de entrada Jardinería.
9 (RLIN) 136318
700 #1 - ENTRADA AGREGADA--NOMBRE PERSONAL
Nombre de persona Herincq, F.
9 (RLIN) 127880
852 ## - LOCALIZACIÓN
Ubicación ES-MaACL
Número de control de estantería D-2641
Nota libre -- Enc. hol.
Holdings
Estatus retirado Estado de pérdida Estado de daño No para préstamo Colección Biblioteca de origen Biblioteca actual Ubicación en estantería Fecha de adquisición Fuente de adquisición Total de préstamos Signatura topográfica completa Código de barras Visto por última vez Precio de reemplazo Tipo de ítem Koha
        Libros del s. XIX Biblioteca del Ateneo de Madrid Biblioteca del Ateneo de Madrid Sala Valle Inclán 17/01/2008     D-2641 901168373 23/02/2023 23/02/2023 Libro impreso antiguo